| 000 | 00448nam a22001457a 4500 | ||
|---|---|---|---|
| 020 | _qPB. | ||
| 040 | _cFizza Ishaq | ||
| 082 |
_a332.1097 _bSHE |
||
| 100 |
_aBair, Sheila. _9133415 |
||
| 245 |
_aBull by the Horns: Fighting to Save Main Street from Wall Street and Wall Street from Itself / _cSheila Bair. |
||
| 250 | _a1st Ed. | ||
| 260 |
_aNew York : _bSimonand Schustre, _c2012. |
||
| 300 |
_a415 P, ; _c6 x 1.3 x 9 inches |
||
| 942 |
_2ddc _cBK |
||
| 999 |
_c616368 _d616368 |
||